000 01441cam a2200361 i 4500
001 17519671
003 OSt
005 20240523130304.0
008 121105s2013 nyua 000 0 eng
010 _a 2012035364
020 _a9789353167103
020 _a9780078024061 (hbk. : acidfree paper)
020 _a0078024064 (hbk. : acidfree paper)
040 _aDLC
_beng
_cDLC
_erda
_dDLC
042 _apcc
050 0 0 _aT56
_b.H55 2014
082 0 0 _a658.40300554
_bHIL/M
100 _aHillier, Frederick S
_93992
245 1 0 _aIntroduction to management science :
_ba modeling and case studies approach with spreadsheets /
_cFrederick S. Hillier, Stanford University, Mark S. Hillier, University of Washington ; cases developed by Karl Schmedders, University of Zurich, Molly Stephens Quinn, Emanuel, Urquhart, Sullivan LLP.
250 _aFifth edition.
264 1 _aNew York, NY :
_bMcGraw-Hill,
_c[2014]
300 _axx, 618 pages :
_billustrations ;
_c29 cm +
_e1 CD-ROM
336 _atext
_2rdacontent
337 _aunmediated
_2rdamedia
338 _avolume
_2rdacarrier
650 0 _aManagement science.
650 0 _aOperations research
_xData processing.
650 0 _aElectronic spreadsheets.
700 1 _aHillier, Mark S.
906 _a7
_bcbc
_corignew
_d1
_eecip
_f20
_gy-gencatlg
942 _2ddc
_cBK
_h658.40300554
_iHIL/M
_k658.40300554
_mHIL/M
999 _c41917
_d41917